Evidence & advocacy / (Record no. 649)
[ view plain ]
| 000 -LEADER | |
|---|---|
| fixed length control field | 01444cam a2200361 a 4500 |
| 001 - CONTROL NUMBER | |
| control field | 13032508 |
| 003 - CONTROL NUMBER IDENTIFIER | |
| control field | OSt |
| 005 - DATE AND TIME OF LATEST TRANSACTION | |
| control field | 20150709092941.0 |
| 008 - FIXED-LENGTH DATA ELEMENTS--GENERAL INFORMATION | |
| fixed length control field | 021217s1998 enk b 001 0 eng |
| 010 ## - LIBRARY OF CONGRESS CONTROL NUMBER | |
| LC control number | 2002728570 |
| 020 ## - INTERNATIONAL STANDARD BOOK NUMBER | |
| International Standard Book Number | 1854317679 |
| 040 ## - CATALOGING SOURCE | |
| Original cataloging agency | DLC |
| Transcribing agency | DLC |
| Modifying agency | DLC |
| 043 ## - GEOGRAPHIC AREA CODE | |
| Geographic area code | e-uk--- |
| 050 00 - LIBRARY OF CONGRESS CALL NUMBER | |
| Classification number | KD8371 |
| Item number | .M865 1998 |
| 082 00 - DEWEY DECIMAL CLASSIFICATION NUMBER | |
| Classification number | 347.06 MUR |
| Edition number | 21 |
| 100 1# - MAIN ENTRY--PERSONAL NAME | |
| Personal name | Murphy, Peter, |
| Titles and other words associated with a name | LL. B. |
| 9 (RLIN) | 1870 |
| 245 10 - TITLE STATEMENT | |
| Title | Evidence & advocacy / |
| Statement of responsibility, etc | Peter Murphy. |
| 246 3# - VARYING FORM OF TITLE | |
| Title proper/short title | Evidence and advocacy |
| 250 ## - EDITION STATEMENT | |
| Edition statement | 5th ed. |
| 260 ## - PUBLICATION, DISTRIBUTION, ETC. (IMPRINT) | |
| Place of publication, distribution, etc | London : |
| Name of publisher, distributor, etc | Blackstone Press Ltd., |
| Date of publication, distribution, etc | 1998. |
| 300 ## - PHYSICAL DESCRIPTION | |
| Extent | viii, 321 p. ; |
| Dimensions | 22 cm. |
| 500 ## - GENERAL NOTE | |
| General note | "Chapters 3, 9 and 12 ... of this edition are based on lectures given by David Barnard for the Temple Lectures course, The Advocate in Evidence, during 1981 and 1982"--T.p. verso. |
| 504 ## - BIBLIOGRAPHY, ETC. NOTE | |
| Bibliography, etc | Includes bibliographical references and index. |
| 650 #0 - SUBJECT ADDED ENTRY--TOPICAL TERM | |
| Topical term or geographic name as entry element | Evidence, Criminal |
| Geographic subdivision | Great Britain. |
| 9 (RLIN) | 1871 |
| 650 #0 - SUBJECT ADDED ENTRY--TOPICAL TERM | |
| Topical term or geographic name as entry element | Evidence (Law) |
| Geographic subdivision | Great Britain. |
| 9 (RLIN) | 1872 |
| 650 #0 - SUBJECT ADDED ENTRY--TOPICAL TERM | |
| Topical term or geographic name as entry element | Trial practice |
| Geographic subdivision | Great Britain. |
| 9 (RLIN) | 1873 |
| 700 1# - ADDED ENTRY--PERSONAL NAME | |
| Personal name | Barnard, David Nowell. |
| 9 (RLIN) | 1844 |
| 856 42 - ELECTRONIC LOCATION AND ACCESS | |
| Materials specified | Publisher description |
| Uniform Resource Identifier | <a href="http://www.loc.gov/catdir/enhancements/fy0614/2002728570-d.html">http://www.loc.gov/catdir/enhancements/fy0614/2002728570-d.html</a> |
| 856 42 - ELECTRONIC LOCATION AND ACCESS | |
| Materials specified | Contributor biographical information |
| Uniform Resource Identifier | <a href="http://www.loc.gov/catdir/enhancements/fy0724/2002728570-b.html">http://www.loc.gov/catdir/enhancements/fy0724/2002728570-b.html</a> |
| 906 ## - LOCAL DATA ELEMENT F, LDF (RLIN) | |
| a | 7 |
| b | cbc |
| c | origcop |
| d | 2 |
| e | ncip |
| f | 20 |
| g | y-gencatlg |
| 942 ## - ADDED ENTRY ELEMENTS (KOHA) | |
| Source of classification or shelving scheme | Dewey Decimal Classification |
| Koha item type | Books |
| Withdrawn status | Lost status | Source of classification or shelving scheme | Damaged status | Not for loan | Home library | Current library | Shelving location | Date acquired | Total Checkouts | Full call number | Barcode | Date last seen | Price effective from | Koha item type |
|---|---|---|---|---|---|---|---|---|---|---|---|---|---|---|
| Dewey Decimal Classification | Law Development Centre Main Library | Law Development Centre Main Library | Text Books and Laws | 04/26/2011 | 347.06 MUR | 0372001 | 04/26/2011 | 04/26/2011 | Books |
